| 000 | 00751nam a2200241Ia 4500 | ||
|---|---|---|---|
| 003 | GCL | ||
| 008 | 140319s9999 xx 000 0 ara d | ||
| 040 |
_aGCL / _cGCL |
||
| 082 | 0 | 4 |
_a378.107 _bا ع |
| 100 | 1 | _aاسماعيل محمود دياب | |
| 245 | 1 | 0 |
_aالعائد الاقتصادى المتوقع من التعليم الجامعى / _cاسماعيل محمود دياب |
| 260 |
_a[S.N] : _bعالم الكتاب ، _c1990 |
||
| 300 | _a159 ص | ||
| 490 |
_aقضايا تربوية _v0 |
||
| 650 | 0 | 4 | _aالتعليم |
| 650 | 0 | 4 | _aالتعليم العالى |
| 650 | 0 | 4 | _aالتخطيط |
| 650 | 0 | 4 | _aالاجتماع |
| 650 | 0 | 4 | _aالاجور |
| 650 | 0 | 4 | _aاقتصاديات |
| 650 | 0 | 4 | _aالعائد |
| 942 |
_2ddc _cBK |
||
| 999 |
_c28199 _d28199 |
||